Statistics for The Walking Dead characters

Click here to take the quiz!

General Stats

  • This quiz has been taken 139 times
  • The average score is 33 of 37

Answer Stats

HintAnswer% Correct
Main character's son who survived a gunshot to the headCarl Grimes
100%
Former delivery boy who became a supply runner and married the farmer's daughterGlenn Rhee
100%
Lived on the farm and married the delivery boy before becoming leader of HilltopMaggie Rhee
100%
Former sheriff who was in a coma at the start, now leader of AlexandriaRick Grimes
100%
Former sheriff who developed feelings for the main character's wifeShane Walsh
100%
Main character's wife who cheated on him with his best friendLori Grimes
99%
Redneck drug dealer who cut off his own hand to surviveMerle Dixon
99%
Teenage girl who liked to sing and had hope for what the world could beBeth Greene
98%
Abused housewife who has become a strong survivorCarol Peletier
98%
Owner of the RV who was the moral compass of the group early onDale Horvath
98%
Former veterinarian who became a farmer and was the moral compass at the prisonHershel Greene
98%
Katana wielding woman who is in a relationship with the leader of AlexandriaMichonne
98%
Member of the Atlanta group who got separated after the farm and joined WoodburyAndrea
97%
Redneck hunter who becomes crucial to the group and uses a crossbowDaryl Dixon
97%
Former teacher who said he had the cure and is now engineer at the SanctuaryEugene Porter
95%
Latina girl who was dumped by the ginger after arriving at AlexandriaRosita Espinosa
95%
Leader of the Saviors who has leather jacket, smile, and baseball batNegan
94%
Ginger army sergeant and with a nice mustache and neat catchphrasesAbraham Ford
93%
Army medic alcoholic who's leg was eaten by cannibalsBob Stookey
91%
Leader of Woodbury who lost an eye and became crazyThe Governor
91%
Taught the main character the rules of the new world and believed all life is preciousMorgan Jones
87%
Gay recruiter for Alexandria who found the main character's group and let them joinAaron
86%
The priest who wasn't trusted but has become an important member of the communityGabriel Stokes
86%
Girl who is in a relationship with the one eyed boy and moved from Alexandria to HilltopEnid
84%
Former zookeeper and now King of the Kingdom with a pet tigerEzekiel
84%
Former firefighter and brother of the NFL player who committed suicideSasha Williams
82%
Defective Savior whose face was ironed for stealing medicineDwight
81%
Son of the original Alexandria leader and was killed by the Saviors leader for not having gutsSpencer Monroe
80%
Recruiter for the Hilltop who introduces Alexandria to the larger worldPaul "Jesus" Rovia
79%
Right hand man to the leader of the SaviorsSimon
79%
Former NFL player who's signature weapon was a hammerTyreese Williams
79%
Former congresswoman and original leader of AlexandriaDeanna Monroe
78%
Original leader of the Hilltop who is selfish and sides with the SaviorsGregory
77%
Alexandrian who was in a brief relationship with the main character until her deathJessie Anderson
75%
Leader of Terminus and the cannibals who tried hunting the main character's groupGareth
73%
Leader of the Scavengers who made a better deal with the SaviorsJadis
72%
Lesbian police academy student who is the first to encounter OceansideTara Chambler
42%

Score Distribution

Percentile by Number Answered

Percent of People with Each Score

Your Score History

You have not taken this quiz